Principles of plant nutrition

Gespeichert in:
Bibliographische Detailangaben
1. Verfasser: Konrad Mengel
Format: Buch
Sprache:Undetermined
Veröffentlicht: Switzelend International Potash Institute 1982
Schlagworte:
Tags: Tag hinzufügen
Keine Tags, Fügen Sie den ersten Tag hinzu!
Thư viện lưu trữ: Trung tâm Học liệu Trường Đại học Cần Thơ
LEADER 00512nam a2200181Ia 4500
001 CTU_29976
008 210402s9999 xx 000 0 und d
082 |a 581.13 
082 |b M544 
100 |a Konrad Mengel 
245 0 |a Principles of plant nutrition 
245 0 |c Konrad Mengel, Ernest A Kirkby 
260 |a Switzelend 
260 |b International Potash Institute 
260 |c 1982 
650 |a plants - nutrition 
904 |i Liên, 990121 
980 |a Trung tâm Học liệu Trường Đại học Cần Thơ